| 000 | 00662cam a2200241 4500 | ||
|---|---|---|---|
| 001 | J4112 | ||
| 008 | 090401t1997 xxu||||| |||| 00| 0 eng d | ||
| 035 | _a(Sirsi) u58360 | ||
| 041 | _aeng | ||
| 050 | _a338.6042 | ||
| 110 |
_aJones Lang Wootton _92909 |
||
| 245 | 4 | _aThe decentralisation of offices from central London : an annual special survey. | |
| 260 |
_aLondon _bJones Lang Wootton _c1997 |
||
| 300 | _a(27)p. : ill.,maps ; 30cm. | ||
| 350 | _a0 | ||
| 490 | _aOccupier Trends | ||
| 650 | _aCENTRAL LONDON | ||
| 650 | _aDECENTRALISATION | ||
| 650 | _aRELOCATION | ||
| 690 | _aPROPERTY-COMMERCIAL PROPERTY | ||
| 942 | _n0 | ||
| 948 | _c04/03/1997 | ||
| 999 |
_c94060 _d94060 |
||